00350nam a22001457a 450000500170000000800410001702000220005804100080008008200090008810000190009724500340011626000310015030000080018165000150018920160623153316.0160623b xxu||||| |||| 00| 0 eng d a978-0-521-68259-6 aeng b9611 aO'Connor, J.D. aBetter English Pronunciations bcombridge Uni. Pressc2007 a137 aManagement